European Regional Innovation Systems: Spatial Cluster Analysis

Úloha priestorových interakcií v kontexte regionálnych inovačných aktivít v rámci 220 NUTS (Nomenklatúra jednotiek územnej štatistiky) 2 európskych regiónov skúmaných v rokoch 2011 a 2019. Hypotéza, že regionálne inovačné aktivity ovplyvňujú inovačné procesy v susedných regiónoch overovaná na základ...

ver descrição completa

Na minha lista:
Detalhes bibliográficos
Autor principal: Furková, Andrea, 1975-
Formato: Capítulo de Livro
Idioma:inglês
Assuntos:
Tags: Adicionar Tag
Sem tags, seja o primeiro a adicionar uma tag!

MARC

LEADER 00000naa$a2200000$$$4500
001 0279787
005 20240502083850.3
041 0 |a eng 
044 |a HR 
245 1 0 |a European Regional Innovation Systems: Spatial Cluster Analysis  |c Andrea Furková 
520 |a Úloha priestorových interakcií v kontexte regionálnych inovačných aktivít v rámci 220 NUTS (Nomenklatúra jednotiek územnej štatistiky) 2 európskych regiónov skúmaných v rokoch 2011 a 2019. Hypotéza, že regionálne inovačné aktivity ovplyvňujú inovačné procesy v susedných regiónoch overovaná na základe vybraných nástrojov ESDA (Exploratory Spatial Data Analysis). 
610 2 0 |a inovácia 
610 2 0 |a systémy inovačné 
610 2 0 |a jednotky územné štatistické 
610 2 0 |a regióny 
610 2 0 |a Európa 
100 1 |a Furková, Andrea, 1975-